Tres claves de la vida inglesa / (Record no. 89161)
[ view plain ]
| 000 -LEADER | |
|---|---|
| campo de control de longitud fija | 00705nam a2200217 i 4500 |
| 001 - NÚMERO DE CONTROL | |
| campo de control | 89161 |
| 003 - IDENTIFICADOR DE NÚMERO DE CONTROL | |
| campo de control | ES-MaACL |
| 005 - FECHA Y HORA DE LA ÚLTIMA TRANSACCIÓN | |
| campo de control | 20251004063131.0 |
| 008 - DATOS DE LONGITUD FIJA--INFORMACIÓN GENERAL | |
| campo de control de longitud fija | 050105q1952 sp |||| | spa d |
| 100 1# - ENTRADA PRINCIPAL--NOMBRE DE PERSONA | |
| Nombre de persona | Hernando de Larramendi, Ignacio, |
| Fechas asociadas al nombre | 1921-2001 |
| 9 (RLIN) | 63102 |
| 245 10 - MENCIÓN DEL TÍTULO | |
| Título | Tres claves de la vida inglesa / |
| Mención de responsabilidad, etc. | por Ignacio Hernando de Larramendi. |
| 260 ## - PUBLICACIÓN, DISTRIBUCIÓN, ETC. | |
| Lugar de publicación, distribución, etc. | [Madrid] : |
| Nombre del editor, distribuidor, etc. | Cálamo, |
| Fecha de publicación, distribución, etc. | [1952?] |
| 300 ## - DESCRIPCIÓN FÍSICA | |
| Extensión | XXIII, 189 p. ; |
| Dimensiones | 19 cm. |
| 490 1# - MENCIÓN DE SERIE | |
| Mención de serie | Esplandián ; |
| Designación de volumen o secuencia | 2 |
| 650 #4 - PUNTO DE ACCESO ADICIONAL DE MATERIA--TÉRMINO DE MATERIA | |
| Término de materia o nombre geográfico como elemento de entrada | Abogados- |
| Subdivisión geográfica | Gran Bretaña. |
| 9 (RLIN) | 168744 |
| 650 #4 - PUNTO DE ACCESO ADICIONAL DE MATERIA--TÉRMINO DE MATERIA | |
| Término de materia o nombre geográfico como elemento de entrada | Comercio- |
| Subdivisión geográfica | Gran Bretaña. |
| 9 (RLIN) | 168745 |
| 830 0# - PUNTO DE ACCESO ADICIONAL DE SERIE-TÍTULO UNIFORME | |
| Título uniforme | Esplandián ; |
| Designación de volumen o secuencia | 2 |
| 9 (RLIN) | 184457 |
| 852 ## - LOCALIZACIÓN | |
| Ubicación | ES-MaACL |
| Número de control de estantería | D-9167 |
| 852 ## - LOCALIZACIÓN | |
| Ubicación | ES-MaACL |
| Número de control de estantería | C-17658 |
| Estatus retirado | Estado de pérdida | Estado de daño | No para préstamo | Biblioteca de origen | Biblioteca actual | Ubicación en estantería | Fecha de adquisición | Fuente de adquisición | Total de préstamos | Signatura topográfica completa | Código de barras | Visto por última vez | Precio de reemplazo | Tipo de ítem Koha |
|---|---|---|---|---|---|---|---|---|---|---|---|---|---|---|
| Biblioteca del Ateneo de Madrid | Biblioteca del Ateneo de Madrid | Galería | 15/11/2019 | C-17658 | 1201248 | 23/02/2023 | 23/02/2023 | Libro impreso | ||||||
| Biblioteca del Ateneo de Madrid | Biblioteca del Ateneo de Madrid | Sala Valle Inclán | 17/01/2008 | D-9167 | 901093120 | 23/02/2023 | 23/02/2023 | Libro impreso |
